| 000 | 01098cam a2200301 a 4500 | ||
|---|---|---|---|
| 999 |
_c25433 _d25433 |
||
| 001 | 13949108 | ||
| 003 | BDDh-ASL | ||
| 005 | 20231015030503.0 | ||
| 008 | 050502s2003 ii 000 0 eng | ||
| 010 | _a 2004329010 | ||
| 025 | _aI-E-2004-329010; 65-16 | ||
| 037 |
_bLibrary of Congress -- New Delhi Overseas Office _cRs20.00 |
||
| 040 |
_aDLC _cDLC _dBDDh-ASL |
||
| 042 | _alcode | ||
| 043 | _aa-ii--- | ||
| 050 | 0 | 0 |
_aDS485.A87 _bL83 2003 |
| 082 |
_a954 _bLUW |
||
| 100 | 1 | _aLudden, David E. | |
| 245 | 1 | 0 |
_aWhere is Assam? : _busing geographical history to locate current social realities / _cDavid Ludden. |
| 260 |
_aGuwahati : _bCentre for Northeast India, South and Southeast Asia Studies, Omeo Kumar Das Institute for Social Change and Development, _cc2003. |
||
| 300 |
_av, 22 p. : _c22 cm. |
||
| 440 | 0 |
_aCENISEAS papers ; _vno. 1 |
|
| 651 | 0 |
_aAssam (India) _xHistorical geography. |
|
| 710 | 2 | _aCentre for Northeast India, South and Southeast Asia Studies. | |
| 906 |
_a7 _bcbc _corigode _d3 _encip _f20 _gy-gencatlg |
||
| 942 |
_2ddc _cBK |
||